[Event "CAN-op"]
[Site "Montreal CAN"]
[Date "2014.07.25"]
[Round "8"]
[White "Pina, Sulennis"]
[Black "Villavieja, Butch"]
[Result "0-1"]
[WhiteElo "2317"]
[BlackElo "2158"]
[PlyCount "126"]
[EventDate "2014.07.19"]
[EventType "swiss"]
[EventRounds "9"]
[EventCountry "CAN"]

1. e4 c5 2. Nf3 d6 3. Bb5+ Nd7 4. c3 Ngf6 5. Qe2 a6 6. Bd3 e6 7. O-O Be7 8. Bc2
b5 9. d4 Bb7 10. a4 cxd4 11. cxd4 O-O 12. a5 Rc8 13. Bd3 e5 14. d5 Nc5 15. Bc2
b4 16. Nbd2 Rb8 17. b3 Bc8 18. Nc4 Qc7 19. Rd1 Bg4 20. h3 Bh5 21. Bb2 Qc8 22.
Qe3 Re8 23. Nb6 Qb7 24. g4 Bg6 25. Nd2 Bd8 26. Nbc4 Qe7 27. Rdc1 Rb5 28. f3 Bc7
29. Kg2 Qd8 30. Bd1 Bb8 31. Be2 Ba7 32. Qf2 Rb7 33. Qg3 h5 34. Re1 h4 35. Qh2
Rbe7 36. Bf1 Nh7 37. Kh1 Ng5 38. Qe2 Rc7 39. Bg2 Nh7 40. Reb1 Rb7 41. Bc1 Qe7
42. Nb2 Nf8 43. Nd3 Nfd7 44. Ne1 Rb5 45. Nc4 Rc8 46. Bd2 Bh7 47. Nc2 Rcb8 48.
Bf1 g5 49. Qe1 Qf6 50. Kg2 Nxe4 51. Be3 Bxe3 52. N4xe3 Nc3 53. Bxb5 Rxb5 54.
Qd2 Nxb1 55. Rxb1 Qf4 56. Qf2 Nc5 57. Nf1 Rxa5 58. Rd1 Ra2 59. Nfe3 Nd3 60. Qe2
Qg3+ 61. Kf1 Qxh3+ 62. Kg1 Qg3+ 63. Kf1 Nf4 0-1

[Event "CAN-op"]
[Site "Montreal CAN"]
[Date "2014.07.26"]
[Round "9"]
[White "Xiong, Jeffery"]
[Black "Sevian, Samuel"]
[Result "1/2-1/2"]
[WhiteElo "2441"]
[BlackElo "2464"]
[PlyCount "216"]
[EventDate "2014.07.19"]
[EventType "swiss"]
[EventRounds "9"]
[EventCountry "CAN"]

1. e4 e5 2. Nf3 Nc6 3. Bb5 a6 4. Ba4 Nf6 5. O-O Be7 6. Re1 b5 7. Bb3 d6 8. c3
O-O 9. d4 Bg4 10. Be3 Bh5 11. Nbd2 d5 12. Bg5 dxe4 13. Nxe4 exd4 14. Ng3 Bg6
15. cxd4 h6 16. Rc1 Na5 17. Ne5 Bh7 18. Bd2 b4 19. Bxf7+ Rxf7 20. Qa4 c5 21.
Nxf7 Kxf7 22. Rxe7+ Kxe7 23. Rxc5 Nb7 24. Re5+ Kf8 25. Qxb4+ Nd6 26. Re6 Nfe8
27. Bf4 Rb8 28. Rxd6 Rxb4 29. Rxd8 Rxb2 30. h4 Rxa2 31. d5 Ra1+ 32. Kh2 Ke7 33.
Ra8 Ra4 34. Ra7+ Kd8 35. Nh5 Bg8 36. Kg3 g6 37. Ng7 Bxd5 38. Nxe8 Kxe8 39. Bxh6
Ra2 40. Be3 a5 41. Bc5 a4 42. Re7+ Kd8 43. Rg7 Be4 44. Kf4 Bd3 45. g4 Rc2 46.
Bd4 Re2 47. Kg5 a3 48. Ra7 a2 49. h5 gxh5 50. gxh5 Bb1 51. h6 Rd2 52. Bf6+ Ke8
53. h7 Bxh7 54. Re7+ Kf8 55. Rxh7 Rxf2 56. Ra7 Ke8 57. Kg6 Rf1 58. Rxa2 Kd7 59.
Re2 Rd1 60. Kf5 Kd6 61. Ke4 Rb1 62. Bc3 Rh1 63. Be1 Rg1 64. Bf2 Rb1 65. Ra2 Rc1
66. Ra6+ Rc6 67. Ra5 Rc1 68. Rh5 Rf1 69. Rh6+ Ke7 70. Bd4 Re1+ 71. Kd5 Rd1 72.
Rh7+ Kd8 73. Ra7 Rd2 74. Ke4 Kc8 75. Be5 Rd7 76. Ra1 Kb7 77. Rc1 Rh7 78. Kd5
Rh5 79. Rb1+ Ka6 80. Rb8 Ka5 81. Re8 Kb5 82. Rb8+ Ka5 83. Kd4 Rg5 84. Bf6 Rf5
85. Bd8+ Ka4 86. Bc7 Rh5 87. Bg3 Rg5 88. Bf2 Rb5 89. Ra8+ Ra5 90. Rc8 Rb5 91.
Be1 Kb3 92. Rc3+ Kb2 93. Rh3 Rb8 94. Bc3+ Kb3 95. Kd3 Rg8 96. Bd4 Kb4 97. Rh6
Rg3+ 98. Be3 Kb3 99. Rb6+ Ka3 100. Kd4 Rh3 101. Bd2 Rb3 102. Ra6+ Kb2 103. Be3
Rb8 104. Kd3 Rb3+ 105. Ke4 Rb8 106. Bd4+ Kb3 107. Kd3 Rb7 108. Ra1 Rb4 1/2-1/2

[Event "CAN-op Armageddon"]
[Site "Montreal CAN"]
[Date "2014.07.26"]
[Round "1"]
[White "Van Kampen, Robin"]
[Black "Ghaem Maghami, Ehsan"]
[Result "0-1"]
[WhiteElo "2636"]
[BlackElo "2586"]
[PlyCount "106"]
[EventDate "2014.07.26"]
[EventType "k.o."]
[EventRounds "2"]
[EventCountry "CAN"]

1. e4 e5 2. Nf3 Nc6 3. Bb5 a6 4. Ba4 Nf6 5. O-O Be7 6. Re1 b5 7. Bb3 d6 8. c3
O-O 9. h3 Bb7 10. d4 Re8 11. Nbd2 h6 12. Bc2 Bf8 13. Nf1 exd4 14. cxd4 Nb4 15.
Ng3 Nxc2 16. Qxc2 Rc8 17. Bf4 d5 18. e5 Ne4 19. Rad1 c5 20. Qb1 Qb6 21. Nxe4
dxe4 22. Nd2 cxd4 23. Nxe4 Qg6 24. Bg3 Bb4 25. Re2 Rcd8 26. Qd3 Bd5 27. b3 Bc6
28. Kh2 Re6 29. f3 Rd5 30. Rc1 Bc3 31. a3 b4 32. a4 Rd8 33. Rd1 a5 34. Nc5 Qxd3
35. Nxd3 Ree8 36. Bf2 Bd5 37. Rb1 f6 38. Bg3 Bf7 39. h4 Bg6 40. Rd1 Bf7 41. Nc1
Bg6 42. Nd3 Bf7 43. Nc5 Rc8 44. Ne4 Bxb3 45. Rb1 Bc4 46. Rf2 Bd3 47. Rd1 Bxe4
48. fxe4 fxe5 49. Rf5 b3 50. Bxe5 b2 51. h5 Rc5 52. Bd6 Rxf5 53. exf5 Re1 0-1

[Event "CAN-op Armageddon"]
[Site "Montreal CAN"]
[Date "2014.07.26"]
[Round "2"]
[White "Tiviakov, Sergei"]
[Black "Ghaem Maghami, Ehsan"]
[Result "1-0"]
[WhiteElo "2656"]
[BlackElo "2586"]
[PlyCount "92"]
[EventDate "2014.07.26"]
[EventType "k.o."]
[EventRounds "2"]
[EventCountry "CAN"]

1. e4 c5 2. Nc3 a6 3. g3 b5 4. Bg2 Bb7 5. Nge2 e6 6. d4 cxd4 7. Nxd4 Ne7 8. O-O
Nbc6 9. Nb3 d6 10. Bg5 h6 11. Be3 Ne5 12. a4 b4 13. Na2 N7c6 14. c3 bxc3 15.
Nxc3 Be7 16. Qe2 Na5 17. Nd2 Rc8 18. Rfc1 O-O 19. b3 Bf6 20. Rab1 Re8 21. f4
Nd7 22. Na2 Nc6 23. Nc4 Qe7 24. Qf2 e5 25. Rd1 exf4 26. gxf4 Bh4 27. Qf3 d5 28.
exd5 Nb4 29. Nxb4 Qxb4 30. Bd4 Nf6 31. Qh3 Be1 32. Bxf6 gxf6 33. Qxh6 Qc5+ 34.
Kh1 Qf2 35. Qh3 Re2 36. Qf3 Rce8 37. Qxf2 Bxf2 38. Nd6 Rb8 39. Nxb7 Rxb7 40. d6
Rd7 41. Bh3 Rd8 42. d7 Kf8 43. Rbc1 Be3 44. Rc4 Rf2 45. Rc8 Bb6 46. Re1 Rd2 1-0

[Event "CAN-op U1400"]
[Site "Montreal CAN"]
[Date "2014.07.26"]
[Round "9"]
[White "Kuleshava, Julia"]
[Black "Trottier, Claire"]
[Result "0-1"]
[WhiteElo "862"]
[BlackElo "1283"]
[PlyCount "146"]
[EventDate "2014.07.19"]
[EventType "swiss"]
[EventRounds "9"]
[EventCountry "CAN"]

1. e4 c6 2. d4 d5 3. e5 Bf5 4. Nf3 e6 5. Be2 c5 6. c3 Nc6 7. O-O Qb6 8. Na3
cxd4 9. cxd4 a6 10. b3 Bb4 11. Bb2 Nge7 12. Nc2 Bxc2 13. Qxc2 Nf5 14. a3 Be7
15. Rfd1 O-O 16. b4 Rac8 17. Qb1 h6 18. h3 Rc7 19. g4 Nh4 20. Nxh4 Bxh4 21. Qd3
f6 22. exf6 Rxf6 23. Rf1 Rcf7 24. f3 e5 25. Rad1 Rf4 26. Kg2 Nxd4 27. Bxd4 Rxd4
28. Qb3 Rxd1 29. Qxd1 Qe3 30. a4 Qf4 31. Qxd5 Qg3+ 32. Kh1 Qxh3+ 33. Kg1 Bg3
34. Rf2 Bxf2+ 35. Kxf2 Qh2+ 36. Ke3 Qf4+ 37. Kd3 Qd4+ 38. Qxd4 exd4 39. Kxd4
Rf6 40. a5 Kf8 41. Kc5 Ke7 42. b5 axb5 43. Kxb5 Kd7 44. Kc5 Kc7 45. Bd1 b6+ 46.
axb6+ Rxb6 47. f4 Rc6+ 48. Kb4 Rd6 49. Bf3 Rd4+ 50. Kc5 Rxf4 51. Bd1 Kd7 52.
Kd5 Rf1 53. Be2 Rf2 54. Bd3 Rd2 55. Kd4 Rxd3+ 56. Kxd3 Ke6 57. Ke4 Kf6 58. Kf4
Kg6 59. Kf3 Kg5 60. Kg3 h5 61. gxh5 Kxh5 62. Kh3 Kg5 63. Kg3 g6 64. Kh3 Kf4 65.
Kh4 g5+ 66. Kh3 Kf3 67. Kh2 g4 68. Kg1 Kg3 69. Kh1 Kf2 70. Kh2 g3+ 71. Kh1 g2+
72. Kh2 g1=Q+ 73. Kh3 Qg3# 0-1

[Event "CAN-op U2000"]
[Site "Montreal CAN"]
[Date "2014.07.19"]
[Round "1"]
[White "Cashin, Ken"]
[Black "Armstrong, Robert J"]
[Result "1-0"]
[WhiteElo "1690"]
[BlackElo "1645"]
[PlyCount "153"]
[EventDate "2014.07.19"]
[EventType "swiss"]
[EventRounds "9"]
[EventCountry "CAN"]

1. e4 g6 2. d4 Bg7 3. Nf3 d6 4. Be2 Nf6 5. Nc3 O-O 6. h3 Nc6 7. Be3 e5 8. Qd2
a6 9. O-O b5 10. a3 exd4 11. Nxd4 Bb7 12. Nxc6 Bxc6 13. f3 Nh5 14. Bf2 Be5 15.
Rab1 Ng3 16. Rfe1 Qf6 17. Nd5 Bxd5 18. Qxd5 Nxe2+ 19. Rxe2 Qf4 20. c3 h5 21.
Qd2 Qh2+ 22. Kf1 c5 23. Bg1 Qg3 24. Qe1 h4 25. Qxg3 Bxg3 26. Bf2 Bxf2 27. Kxf2
Kg7 28. Rd1 Rfb8 29. Rxd6 b4 30. axb4 cxb4 31. e5 bxc3 32. bxc3 a5 33. e6 fxe6
34. Rexe6 Rb2+ 35. Re2 Rb3 36. Rd7+ Kf6 37. Rc7 a4 38. Ra2 a3 39. g4 hxg3+ 40.
Kxg3 Rb2 41. Rxb2 axb2 42. Rb7 Rc8 43. Rxb2 Rxc3 44. Rb5 g5 45. Rb4 Kf5 46. h4
gxh4+ 47. Rxh4 Kg5 48. Rd4 Kf5 49. Rd5+ Ke6 50. Rb5 Kf6 51. Kg4 Rc1 52. Rb6+
Ke5 53. f4+ Ke4 54. Re6+ Kd5 55. Re2 Rg1+ 56. Kf5 Rf1 57. Kg5 Rg1+ 58. Kf6 Kd6
59. f5 Rg4 60. Rd2+ Kc7 61. Kf7 Rg5 62. f6 Rg4 63. Kf8 Rf4 64. f7 Rf5 65. Rd3
Rf2 66. Rd4 Rf3 67. Ke7 Re3+ 68. Kf6 Rf3+ 69. Ke6 Kc8 70. Ra4 Kc7 71. Rg4 Rf1
72. Re4 Kd8 73. Rd4+ Kc7 74. Ke7 Re1+ 75. Kf6 Rf1+ 76. Ke6 Rf2 77. Rd5 1-0

[Event "CAN-op U2000"]
[Site "Montreal CAN"]
[Date "2014.07.19"]
[Round "1"]
[White "Grenier, Jean-Luc"]
[Black "Pinho, Tiago"]
[Result "1-0"]
[WhiteElo "1728"]
[BlackElo "1889"]
[PlyCount "49"]
[EventDate "2014.07.19"]
[EventType "swiss"]
[EventRounds "9"]
[EventCountry "CAN"]

1. e4 e5 2. Nf3 Nc6 3. Bb5 f5 4. d3 fxe4 5. dxe4 Nf6 6. O-O d6 7. Nbd2 Be7 8.
c3 Be6 9. Ng5 Bg8 10. Qa4 Qd7 11. Rd1 Ng4 12. Nc4 Bxc4 13. Qxc4 Bxg5 14. Bxg5
Nf6 15. f4 exf4 16. e5 d5 17. Qxf4 Ne4 18. c4 Nxg5 19. cxd5 Qe7 20. dxc6 Nh3+
21. gxh3 Qc5+ 22. Qd4 Qxb5 23. Qd7+ Kf8 24. Rf1+ Kg8 25. Qf7# 1-0

[Event "CAN-op U2000"]
[Site "Montreal CAN"]
[Date "2014.07.19"]
[Round "1"]
[White "Jobin, Gilles G"]
[Black "Forget, David"]
[Result "1-0"]
[WhiteElo "1679"]
[BlackElo "1840"]
[PlyCount "83"]
[EventDate "2014.07.19"]
[EventType "swiss"]
[EventRounds "9"]
[EventCountry "CAN"]

1. d3 d5 2. Nf3 Bg4 3. g3 Nd7 4. Bg2 e6 5. O-O Ngf6 6. Nbd2 Bd6 7. e4 dxe4 8.
Nxe4 Nxe4 9. dxe4 Ne5 10. Bf4 Bxf3 11. Bxf3 Nxf3+ 12. Qxf3 Qf6 13. e5 Bxe5 14.
Qxb7 O-O 15. Bxe5 Qxe5 16. b3 Qc5 17. c4 Qb6 18. Qf3 a5 19. h4 a4 20. Rad1 axb3
21. axb3 Ra3 22. Rd3 Rb8 23. Rfd1 c5 24. Rd7 Rf8 25. Rb7 Qa5 26. Rdd7 Qe1+ 27.
Kh2 Ra2 28. Kg2 Ra1 29. Kh3 Qh1+ 30. Qxh1 Rxh1+ 31. Kg2 Rb1 32. Rdc7 g6 33.
Rxc5 Kg7 34. Rcc7 Kf6 35. Rd7 h5 36. c5 Ke5 37. c6 Rc1 38. c7 Rc8 39. b4 Ke4
40. b5 Ra8 41. Rxf7 e5 42. Rf3 1-0

[Event "CAN-op U2000"]
[Site "Montreal CAN"]
[Date "2014.07.19"]
[Round "1"]
[White "Lafleche, Alain"]
[Black "Libersan, Mattieu"]
[Result "1-0"]
[WhiteElo "1702"]
[BlackElo "1965"]
[PlyCount "59"]
[EventDate "2014.07.19"]
[EventType "swiss"]
[EventRounds "9"]
[EventCountry "CAN"]

1. e4 c5 2. Nf3 d6 3. d4 cxd4 4. Nxd4 Nf6 5. Nc3 g6 6. f3 Bg7 7. Be3 O-O 8. Qd2
Nc6 9. O-O-O d5 10. exd5 Nxd5 11. Nxc6 bxc6 12. Nxd5 cxd5 13. Qxd5 Qc7 14. Qc5
Qb7 15. Bd4 Bf5 16. Qa3 e5 17. Bc3 Rfc8 18. Ba6 Bh6+ 19. Kb1 Rxc3 20. Bxb7
Bxc2+ 21. Ka1 Rxa3 22. Bxa8 Ra5 23. Rd8+ Kg7 24. Bd5 Be3 25. Rd7 Bd4 26. Rxf7+
Kh6 27. Rc1 Bf5 28. Bb3 Rb5 29. Rcc7 Kg5 30. g3 1-0

[Event "CAN-op U2000"]
[Site "Montreal CAN"]
[Date "2014.07.19"]
[Round "1"]
[White "Liu, Yu Qing"]
[Black "Blanchet, Robert"]
[Result "1/2-1/2"]
[WhiteElo "1674"]
[BlackElo "1832"]
[PlyCount "153"]
[EventDate "2014.07.19"]
[EventType "swiss"]
[EventRounds "9"]
[EventCountry "CAN"]

1. e4 c5 2. Nf3 d6 3. d4 cxd4 4. Nxd4 Nf6 5. Nc3 a6 6. Qf3 e6 7. Be3 Be7 8. Be2
Qc7 9. O-O-O Nc6 10. Qg3 Bd7 11. f4 Rc8 12. Qf2 Nxe4 13. Nxe4 Nxd4 14. Bd3 Nc6
15. Bb6 Qb8 16. a3 Bd8 17. Bxd8 Rxd8 18. Qg3 Kf8 19. f5 d5 20. Qxb8 Nxb8 21.
Nc5 Bc8 22. fxe6 fxe6 23. Rde1 Ke7 24. Re2 Nc6 25. Rhe1 e5 26. b4 Kd6 27. c4 d4
28. h3 Rde8 29. Ne4+ Kc7 30. Ng5 Rhf8 31. b5 Bf5 32. Bxf5 Rxf5 33. Nf3 Na5 34.
Nxd4 Rf4 35. Re4 Rxe4 36. Rxe4 Nxc4 37. Ne6+ Rxe6 38. Rxc4+ Kb6 39. Rh4 h6 40.
bxa6 Kxa6 41. Rg4 Re7 42. Kd2 b5 43. a4 bxa4 44. Rxa4+ Kb5 45. Rh4 Kc5 46. Ke3
Kd5 47. Ra4 Ke6 48. Ra6+ Kf5 49. Ra4 h5 50. Rb4 Rd7 51. Ra4 g6 52. Rb4 Rd4 53.
Rb8 Re4+ 54. Kf3 Rc4 55. Re8 Rc3+ 56. Kf2 h4 57. Rf8+ Ke4 58. Rh8 g5 59. Rg8
Rc2+ 60. Kg1 Rc1+ 61. Kf2 Rc2+ 62. Kg1 Kf4 63. Rf8+ Ke4 64. Rg8 Kf5 65. Rf8+
Kg6 66. Rg8+ Kh6 67. Re8 Rc5 68. Kf2 Kg6 69. Kf3 Kf7 70. Rb8 Rc4 71. Rb5 Rf4+
72. Ke3 Ke6 73. Rb6+ Kd5 74. Rb5+ Ke6 75. Rb6+ Kf5 76. Rb8 Re4+ 77. Kf3 1/2-1/2

[Event "CAN-op U2000"]
[Site "Montreal CAN"]
[Date "2014.07.19"]
[Round "1"]
[White "Selmani, Sam"]
[Black "Morin, Louis"]
[Result "1-0"]
[WhiteElo "1647"]
[BlackElo "1812"]
[PlyCount "119"]
[EventDate "2014.07.19"]
[EventType "swiss"]
[EventRounds "9"]
[EventCountry "CAN"]

1. d4 e5 2. dxe5 Nc6 3. Nf3 Qe7 4. e3 Nxe5 5. Nbd2 d5 6. Nxe5 Qxe5 7. Nf3 Qh5
8. Be2 Bg4 9. c4 Bb4+ 10. Bd2 Bxd2+ 11. Qxd2 Nf6 12. Qb4 O-O-O 13. O-O Rhe8 14.
cxd5 Rxd5 15. Qa4 Ra5 16. Qc2 Rc5 17. Qa4 Ra5 18. Qb3 Be6 19. Qc3 Rc5 20. Qb4
Bg4 21. h3 Bd7 22. Nd4 Qe5 23. Bf3 b6 24. a4 Nd5 25. Qd2 a5 26. Nb3 Nb4 27.
Nxc5 Qxc5 28. Rac1 Qe5 29. b3 Re6 30. Qc3 Qxc3 31. Rxc3 Rd6 32. Rd1 Rxd1+ 33.
Bxd1 Be6 34. e4 c5 35. f4 Nc6 36. Be2 Nd4 37. Bd1 Kd8 38. Kf2 Kd7 39. Ke3 f6
40. f5 Bf7 41. Kf4 g5+ 42. fxg6 hxg6 43. h4 Ne6+ 44. Ke3 Nd4 45. g4 Kd6 46. h5
g5 47. Be2 Ke5 48. Bc4 Bxc4 49. bxc4 Ke6 50. Rd3 Nc6 51. h6 Kf7 52. Rd7+ Kg8
53. Rd6 Ne5 54. Ke2 Nxc4 55. Rxf6 Kh7 56. Re6 Kh8 57. e5 Kh7 58. Kf3 b5 59.
axb5 a4 60. b6 1-0

[Event "CAN-op U2000"]
[Site "Montreal CAN"]
[Date "2014.07.19"]
[Round "1"]
[White "Shah, Omar"]
[Black "Gauthier, Luc"]
[Result "1/2-1/2"]
[WhiteElo "2032"]
[BlackElo "1781"]
[PlyCount "58"]
[EventDate "2014.07.19"]
[EventType "swiss"]
[EventRounds "9"]
[EventCountry "CAN"]

1. Nf3 f5 2. b3 Nf6 3. Bb2 e6 4. d3 Be7 5. Nbd2 d6 6. e4 e5 7. h3 Nc6 8. Be2
O-O 9. O-O Qe8 10. Kh1 Kh8 11. c4 fxe4 12. dxe4 Nd8 13. c5 Ne6 14. cxd6 cxd6
15. Re1 Nf4 16. Bf1 Qh5 17. Nh2 Qg6 18. Rc1 N6h5 19. Ndf3 Bd8 20. Rc2 Ba5 21.
Bc3 Bb6 22. Bb4 Bxf2 23. Rxf2 Ng3+ 24. Kg1 Nxh3+ 25. gxh3 Ne2+ 26. Kh1 Ng3+ 27.
Kg1 Ne2+ 28. Kh1 Ng3+ 29. Kg1 Ne2+ 1/2-1/2

[Event "CAN-op U2000"]
[Site "Montreal CAN"]
[Date "2014.07.20"]
[Round "2"]
[White "Baumgartner, Christopher"]
[Black "Jobin, Gilles G"]
[Result "1/2-1/2"]
[WhiteElo "1766"]
[BlackElo "1679"]
[PlyCount "189"]
[EventDate "2014.07.19"]
[EventType "swiss"]
[EventRounds "9"]
[EventCountry "CAN"]

1. e4 c5 2. Nf3 g6 3. d4 cxd4 4. c3 Bg7 5. Bc4 e6 6. O-O Qc7 7. Qe2 Nc6 8. Rd1
Na5 9. Bd3 dxc3 10. Nxc3 a6 11. Be3 b5 12. Rac1 Qd8 13. Bf4 Nb7 14. Bxb5 Bxc3
15. Bxd7+ Bxd7 16. Rxc3 Qa5 17. Qd2 Ba4 18. Bc7 Qxc7 19. Rxc7 Rd8 20. Qxd8+
Nxd8 21. b3 Bc6 22. Rc8 Bd7 23. Rc7 Bc6 24. Rxd8+ Kxd8 25. Rxc6 Nf6 26. Rxa6
Kc7 27. Ra7+ Kb6 28. Rxf7 Rc8 29. h3 Nxe4 30. Rxh7 Rc1+ 31. Kh2 Nxf2 32. Re7
Rh1+ 33. Kg3 Ne4+ 34. Kf4 Nc5 35. b4 Nd3+ 36. Ke3 Nxb4 37. Rxe6+ Kc5 38. Rxg6
Nxa2 39. h4 Nc3 40. Rg5+ Kd6 41. g4 Nd5+ 42. Ke4 Nc3+ 43. Kf5 Rf1 44. Rg6+ Kd7
45. Kf4 Nd5+ 46. Kg3 Ke7 47. g5 Kf8 48. h5 Ne7 49. Rf6+ Kg8 50. Kg2 Ra1 51. g6
Ra5 52. h6 Nxg6 53. Rxg6+ Kh7 54. Rc6 Rh5 55. Kg3 Rxh6 56. Ng5+ Kg7 57. Ne6+
Kf7 58. Ng5+ Kg7 59. Rc7+ Kf6 60. Kg4 Rh1 61. Nf3 Ke6 62. Kf4 Kd6 63. Rc2 Ra1
64. Ke4 Rd1 65. Ra2 Rf1 66. Ra5 Kc6 67. Ne5+ Kd6 68. Nc4+ Kc6 69. Ne3 Rf8 70.
Kd4 Rd8+ 71. Ke5 Rf8 72. Nf5 Re8+ 73. Kf6 Kb6 74. Ra4 Re1 75. Ne7 Rf1+ 76. Ke6
Rh1 77. Kd7 Rh7 78. Re4 Rh1 79. Nc8+ Kb7 80. Rb4+ Ka6 81. Rb2 Rc1 82. Nd6 Ka5
83. Ke6 Ka4 84. Kd5 Ka3 85. Rb8 Rd1+ 86. Kc5 Ka2 87. Nc4 Rh1 88. Rb2+ Ka1 89.
Re2 Kb1 90. Kb4 Kc1 91. Ne3 Rh8 92. Kc3 Rc8+ 93. Nc4 Kd1 94. Rh2 Ke1 95. Ra2
1/2-1/2

[Event "CAN-op U2000"]
[Site "Montreal CAN"]
[Date "2014.07.20"]
[Round "2"]
[White "Gauthier, Luc"]
[Black "Ingram, Richard"]
[Result "0-1"]
[WhiteElo "1781"]
[BlackElo "1929"]
[PlyCount "54"]
[EventDate "2014.07.19"]
[EventType "swiss"]
[EventRounds "9"]
[EventCountry "CAN"]

1. e4 c5 2. Nc3 e6 3. f4 Nf6 4. Nf3 d6 5. g3 Nc6 6. d3 Be7 7. Bg2 Bd7 8. O-O
O-O 9. h3 a6 10. g4 b5 11. Ne2 d5 12. Ng3 Qc7 13. g5 Ne8 14. h4 Rc8 15. Nh2 Qd6
16. e5 Qb8 17. Ng4 Kh8 18. Nh5 Nd4 19. Nhf6 gxf6 20. gxf6 Nxf6 21. Nxf6 Bxf6
22. exf6 Nf5 23. Kf2 c4 24. Qh5 Qb6+ 25. Ke1 Qd4 26. Bh3 Qxf6 27. Rg1 Qxh4+ 0-1

[Event "CAN-op U2000"]
[Site "Montreal CAN"]
[Date "2014.07.20"]
[Round "2"]
[White "Sarra-Bournet, Marc"]
[Black "Lafleche, Alain"]
[Result "1-0"]
[WhiteElo "1911"]
[BlackElo "1702"]
[PlyCount "84"]
[EventDate "2014.07.19"]
[EventType "swiss"]
[EventRounds "9"]
[EventCountry "CAN"]

1. e4 e5 2. Nf3 Nc6 3. Bb5 a6 4. Ba4 Nf6 5. O-O Be7 6. Re1 b5 7. Bb3 O-O 8. c3
d5 9. exd5 e4 10. Ng5 Bg4 11. f3 exf3 12. Nxf3 Nxd5 13. d4 h6 14. Qd3 Qd7 15.
Bc2 f5 16. Bb3 Rad8 17. Bf4 Rc8 18. Nbd2 Kh7 19. Be5 Bf6 20. Bxf6 Rxf6 21. Ne5
Qd6 22. Nxg4 Rg6 23. Qxf5 Nce7 24. Qe4 Nf4 25. Bf7 Rf8 26. Bxg6+ Nfxg6 27. Ne5
Rf6 28. Ndf3 c5 29. Nxg6 Nxg6 30. h4 h5 31. Ne5 cxd4 32. cxd4 Qb4 33. Re2 a5
34. Rd1 a4 35. a3 Qd6 36. Rd3 Qc7 37. Rc3 Qe7 38. Rc5 Kh6 39. Nxg6 Qf7 40.
Rxh5+ Kxh5 41. g4+ Kh6 42. g5+ Kh5 1-0

[Event "CAN-op U2000"]
[Site "Montreal CAN"]
[Date "2014.07.20"]
[Round "2"]
[White "Selling, Edward"]
[Black "Armstrong, Robert J"]
[Result "1-0"]
[WhiteElo "1663"]
[BlackElo "1645"]
[PlyCount "107"]
[EventDate "2014.07.19"]
[EventType "swiss"]
[EventRounds "9"]
[EventCountry "CAN"]

1. d4 g6 2. Nf3 Bg7 3. e3 Nf6 4. Bd3 O-O 5. Nbd2 d6 6. b3 Nc6 7. Bb2 Bg4 8. h3
Bd7 9. O-O Nb4 10. Be2 c5 11. a3 Nc6 12. c4 cxd4 13. exd4 Nh5 14. Rb1 Nf4 15.
d5 Ne5 16. Nxe5 dxe5 17. Nf3 Qc7 18. Re1 f5 19. Bf1 e4 20. Bxg7 Kxg7 21. Qd4+
Kg8 22. Ne5 Nh5 23. Nxd7 Qxd7 24. c5 Rfd8 25. Bc4 Ng7 26. Qe5 Kh8 27. a4 Rac8
28. b4 Qc7 29. Qb2 Qf4 30. Re3 h6 31. g3 Qg5 32. Qe5 Kh7 33. h4 Qf6 34. Qxf6
exf6 35. a5 Nh5 36. Rd1 Rc7 37. d6 Rg7 38. Kh2 g5 39. Be6 f4 40. Bf5+ Kh8 41.
Rxe4 fxg3+ 42. fxg3 Rgg8 43. Re7 Ng7 44. Bg6 Rb8 45. Rde1 Rgf8 46. Rc7 gxh4 47.
gxh4 Rfc8 48. Rxc8+ Rxc8 49. Re7 Rb8 50. b5 Kg8 51. d7 f5 52. Re8+ Nxe8 53.
dxe8=Q+ Rxe8 54. Bxe8 1-0

[Event "CAN-op U2000"]
[Site "Montreal CAN"]
[Date "2014.07.20"]
[Round "3"]
[White "Blanchet, Robert"]
[Black "Baran, Marius"]
[Result "1-0"]
[WhiteElo "1832"]
[BlackElo "1700"]
[PlyCount "85"]
[EventDate "2014.07.19"]
[EventType "swiss"]
[EventRounds "9"]
[EventCountry "CAN"]

1. e4 c5 2. Nf3 d6 3. d4 cxd4 4. Nxd4 Nf6 5. Nc3 g6 6. Be2 Bg7 7. Be3 O-O 8. f3
Nc6 9. Qd2 Nxd4 10. Bxd4 Qa5 11. O-O-O Be6 12. Kb1 Rfc8 13. a3 a6 14. Bxf6 Bxf6
15. Nd5 Qxd2 16. Nxf6+ Kg7 17. Nh5+ Kh6 18. Rxd2 Kxh5 19. f4+ Kh6 20. g4 f6 21.
f5 Bd7 22. h4 Kg7 23. Bd3 Rc5 24. Rg1 Re5 25. Rf2 Bc6 26. Re2 h6 27. c4 g5 28.
b4 b5 29. hxg5 hxg5 30. cxb5 Bxb5 31. Bxb5 axb5 32. Kb2 d5 33. Rh2 dxe4 34.
Rgh1 Rg8 35. Rh7+ Kf8 36. Rc1 Rg7 37. Rc8+ Kf7 38. Rhh8 Rg6 39. Rcf8+ Kg7 40.
Rhg8+ Kh7 41. fxg6+ Kh6 42. Rf7 e3 43. Rh7# 1-0

[Event "CAN-op U2000"]
[Site "Montreal CAN"]
[Date "2014.07.20"]
[Round "3"]
[White "He, Shao Hang"]
[Black "Armstrong, Robert J"]
[Result "1-0"]
[WhiteElo "1743"]
[BlackElo "1645"]
[PlyCount "62"]
[EventDate "2014.07.19"]
[EventType "swiss"]
[EventRounds "9"]
[EventCountry "CAN"]

1. d4 g6 2. c4 Bg7 3. Nc3 Nf6 4. e4 d6 5. f4 O-O 6. Nf3 Nc6 7. d5 Nb8 8. Bd3
Nbd7 9. O-O Nc5 10. Bc2 c6 11. Re1 Ng4 12. h3 Nf6 13. Be3 cxd5 14. cxd5 Nfd7
15. Rc1 a6 16. Bb1 b5 17. b4 Nb7 18. Nd4 Nb6 19. Nc6 Qc7 20. Nxe7+ Qxe7 21.
Bxb6 Qh4 22. Qf3 Bxc3 23. Qxc3 Qxf4 24. Rf1 Qg5 25. Be3 Qe7 26. Bh6 Qe5 27. Qc7
Qe8 28. Bd3 Qd8 29. Qc3 f6 30. Bxf8 Qxf8 31. Rxf6 Qd8 1-0

[Event "CAN-op U2000"]
[Site "Montreal CAN"]
[Date "2014.07.20"]
[Round "3"]
[White "Jobin, Gilles G"]
[Black "Miettinen, Eric"]
[Result "0-1"]
[WhiteElo "1679"]
[BlackElo "1854"]
[PlyCount "138"]
[EventDate "2014.07.19"]
[EventType "swiss"]
[EventRounds "9"]
[EventCountry "CAN"]

1. d3 d5 2. Nf3 Nf6 3. g3 b6 4. Bg2 Bb7 5. O-O e6 6. Nbd2 Be7 7. Ne5 Nbd7 8.
Nxd7 Qxd7 9. Nf3 c5 10. Bf4 Bd6 11. Bxd6 Qxd6 12. c4 O-O 13. cxd5 exd5 14. d4
c4 15. Ne5 b5 16. Bh3 Bc8 17. Bxc8 Rfxc8 18. Qc2 Nd7 19. f4 Nf6 20. Rac1 Ne4
21. Nd3 Re8 22. Nf2 Qe6 23. Nd1 Qh3 24. e3 Re6 25. Nf2 Nxf2 26. Qxf2 Rae8 27.
Rfe1 Qf5 28. Re2 Qd3 29. Rce1 g6 30. Qf3 Qe4 31. Kf2 f5 32. h4 h5 33. Rd2 Qxf3+
34. Kxf3 Kf7 35. Rc2 Ke7 36. b4 Kd7 37. Rc3 Ra6 38. Re2 Ra4 39. Rb2 Kc6 40. Ke2
a5 41. a3 axb4 42. axb4 Ra1 43. Kd2 Rea8 44. Rc1 Rxc1 45. Kxc1 Ra3 46. Kd1 Kb6
47. Ke2 Ra1 48. Kf3 Ra3 49. Ke2 Kb7 50. Kd1 Rxe3 51. Re2 Rd3+ 52. Kc2 Rxg3 53.
Re5 Kc6 54. Re6+ Kc7 55. Re7+ Kd6 56. Rb7 Kc6 57. Re7 Rg4 58. Re6+ Kd7 59. Rf6
Rxh4 60. Rxg6 Rxf4 61. Rg7+ Kd6 62. Rg6+ Ke7 63. Rg7+ Kf6 64. Rb7 Rxd4 65. Rxb5
h4 66. Rb8 Rd3 67. b5 Ke5 68. b6 Rb3 69. b7 Kd4 0-1

[Event "CAN-op U2000"]
[Site "Montreal CAN"]
[Date "2014.07.20"]
[Round "3"]
[White "Lafleche, Alain"]
[Black "Couture, Alain"]
[Result "0-1"]
[WhiteElo "1702"]
[BlackElo "1830"]
[PlyCount "88"]
[EventDate "2014.07.19"]
[EventType "swiss"]
[EventRounds "9"]
[EventCountry "CAN"]

1. e4 b6 2. d4 Bb7 3. Nc3 e6 4. Be3 Bb4 5. f3 Nf6 6. Nge2 d5 7. e5 Nfd7 8. a3
Be7 9. Qd2 Ba6 10. O-O-O c5 11. f4 Nc6 12. g4 Na5 13. Ng3 Bxf1 14. Rhxf1 Nc4
15. Qf2 O-O 16. Kb1 Nxe3 17. Qxe3 cxd4 18. Qxd4 Bc5 19. Qd3 a6 20. Nh5 Be7 21.
Rf3 b5 22. Rh3 g6 23. Ng3 b4 24. axb4 Qb6 25. Na2 Bxb4 26. c3 Be7 27. Re1 Rab8
28. Re2 Nc5 29. Qc2 Rfc8 30. f5 Nb3 31. fxg6 fxg6 32. Rg2 Qe3 33. Re2 Qg1+ 34.
Nc1 Bg5 35. Nh5 gxh5 36. gxh5 Qxc1+ 37. Qxc1 Bxc1 38. Rg3+ Kh8 39. Ka2 Bh6 40.
Rf2 Rc5 41. Kb1 d4 42. Rf6 dxc3 43. bxc3 Nd4+ 44. Ka2 Ra5# 0-1